Top 10 Michael Jackson songs of All-Time - Statistics

General Stats
  • This quiz has been taken 2,435 times
  • The average score is 6 of 10
Answer Stats
Answer % Correct
1 Thriller
97%
2 Billie Jean
91%
3 Beat It
88%
6 Smooth Criminal
79%
4 Man in the Mirror
64%
7 Rock with You
52%
8 The Way you Make me Feel
48%
9 Remember the Time
37%
10 Human Nature
35%
5 Wanna Be Starting Something
12%
No matching quizzes found
Score Distribution
Percent of People with Each Score
Percentile by Number Answered
Your Score History
You have not taken this quiz